000
00478nam a2200181Ia 4500
008
100917s9999 xx 000 0 und d
082
_b
32722
100
_a
इनामदार ना. सं.
245
_a
राऊ
260
_b
कॉन्टिनेंटल प्रकाशन
_c
1974
300
_a
418
365
_b
20
520
_a
कादंबरी
630
_a
राऊ
650
_a
कादंबरी
730
_a
राऊ
942
_c
BOOK
999
_c
638116
_d
638113